Anuario mil novecientos noventa y siete

Saved in:
Bibliographic Details
Corporate Author: Universidad Católica de Valparaíso (Author)
Format: Book
Language:Spanish
Published: Valparaíso Correo universitario 1997
Subjects:
Tags: Add Tag
No Tags, Be the first to tag this record!

MARC

LEADER 00000cam a2200000 a 4500
001 UCH8097
003 CL-VaPUC
008 091127e19970000CL |||||||||||||||||spa|d
082 0 4 |a 378.006  |b UNI  |2 21 
110 2 |a Universidad Católica de Valparaíso  |e author  |9 544512 
245 1 0 |a Anuario mil novecientos noventa y siete 
300 |a 95 p 
942 |c BK 
945 |d 20091127 00:00:00  |a ccalabra 
260 |a Valparaíso  |b Correo universitario  |c 1997 
650 0 |a Universidades  |9 256317 
650 0 |a Educación superior   |9 223851 
650 0 |a Anuarios  |9 258977 
651 7 |a CHILE  |2 CL-VaPUC  |9 544513 
651 0 |a Valparaíso, Chile  |9 261144 
999 |c 338341  |d 338339 
583 |k Rodrigo Vera 
952 |0 0  |1 0  |3 erb  |4 0  |6 378_006000000000000_UNI_1997  |7 0  |8 X  |9 431252  |a FDOBUD  |b FDOBUD  |i 5243963  |o 378.006 UNI 1997  |p 5243963  |r 2019-11-22  |w 2019-11-22  |y BK_X  |z Catalogado en:20151029  |k FHP